ბათუმის შოთა რუსთაველის სახელმწიფო უნივერსიტეტის ბიბლიოთეკა

ქართლური დიალექტის ლექსიკონი : (ბიბ.ჩანაწერი № 52888)

000 -ლიდერი
ფიქსირებული სიგრძის საკონტროლო ველი 01213nam a2200253Ia 4500
001 - საკონტროლო ნომერი
საკონტროლო ველი 19918
003 - საკონტროლო ნომრის იდენტიფიკატორი
საკონტროლო ველი GE_BSU
005 - ბოლო ოპერაციის თარიღი და დრო
საკონტროლო ველი 20200508190314.0
008 - ფიქსირებული სიგრძის მონაცემთა ელემენტები - ზოგადი ინფორმაცია
ფიქსირებული სიგრძის საკონტროლო ველი 181216s1981||||ge |||||||||||||| ||geo||
040 ## - კატალოგიზაციის წყარო
Transcribing agency GE_BSU
041 ## - ენის კოდი
Language code of text/sound track or separate title geo
080 ## - უნივერსალური ათობითი კლასიფიკაციის ინდექსი
Universal Decimal Classification number 81'374(038) = 353.1'28 ბ-54
100 ## - მთავარი ჩანაწერი - პიროვნების სახელი
Personal name ბეროზაშვილი, თ.
9 (RLIN) 7681
245 ## - ცნობა სათაურის შესახებ
Title ქართლური დიალექტის ლექსიკონი :
Remainder of title (მასალები) /
Statement of responsibility, etc თ. ბეროზაშვილი, მ. მესხიშვილი, ლ. ნოზაძე ; წინასიტყვ. ავტ. მ. ჭაბაშვილი.
264 ## - წარმოების, გამოცემის, დისტრიბუციის და სხვა ცნობები
გამოცემის, წარმოების, დისტრიბუციის... ადგილი თბილისი :
გამოცემის, წარმოების, დისტრიბუციის... სახელწოდება მეცნიერება,
გამოცემის, წარმოების, დისტრიბუციის... თარიღი 1981.
300 ## - ფიზიკური აღწერა
Extent 552 გვ. ;
Dimensions 22 სმ.
653 ## - INDEX TERM--UNCONTROLLED
Uncontrolled term (მასალები)
653 ## - INDEX TERM--UNCONTROLLED
Uncontrolled term ქართლური დიალექტის ლექსიკონი
700 ## - ADDED ENTRY--PERSONAL NAME
Personal name მესხიშვილი, მ.
Relator term ავტორი
9 (RLIN) 2919
700 ## - ADDED ENTRY--PERSONAL NAME
Personal name ნოზაძე, ლ.
Relator term ავტორი
9 (RLIN) 8020
700 ## - ADDED ENTRY--PERSONAL NAME
Personal name ჭაბაშვილი, მ.
Relator term წინასიტყვაობის ავტორი
9 (RLIN) 8021
942 ## - ADDED ENTRY ELEMENTS (KOHA)
Koha item type წიგნი
Source of classification or shelving scheme
ეგზემპლარები
ჩამოწერის სტატუსი დაკარგული ეგზემპლარის სტატუსი კლასიფიკაციის წყარო ან თაროზე გაწყობის სქემა დაზიანების სტატუსი არ გაიცემა მუდმივი მდებარეობა (დაცვის ადგილი) ამჟამინდელი ადგილსამყოფელი თაროზე განთავსების ადგილი შეძენის თარიღი ღირებულება, შესყიდვის ნორმალური ფასი სრული შენახვის შიფრი შტრიხკოდი ბოლო ოპერაციის თარიღი ეგზემპლარის მიმდევრობითი ნომერი (კეტერი?) ფასის ძალაში შესვლის თარიღი ეგზემპლარის სახეობა საჯარო შენიშვნა
          ბათუმის შოთა რუსთაველის სახელმწიფო უნივერსიტეტის მთავარი ბიბლიოთეკა ბათუმის შოთა რუსთაველის სახელმწიფო უნივერსიტეტის მთავარი ბიბლიოთეკა წიგნსაცავი 2018-12-17 8.00 81'374(038) = 353.1'28 ბ-54 52387 2018-12-17 52387 2018-12-17 წიგნი 8.00 ლ.
          ბათუმის შოთა რუსთაველის სახელმწიფო უნივერსიტეტის მთავარი ბიბლიოთეკა ბათუმის შოთა რუსთაველის სახელმწიფო უნივერსიტეტის მთავარი ბიბლიოთეკა წიგნსაცავი 2018-12-17 8.00 81'374(038) = 353.1'28 ბ-54 52388 2018-12-17 52388 2018-12-17 წიგნი 8.00 ლ.
          ბათუმის შოთა რუსთაველის სახელმწიფო უნივერსიტეტის მთავარი ბიბლიოთეკა ბათუმის შოთა რუსთაველის სახელმწიფო უნივერსიტეტის მთავარი ბიბლიოთეკა წიგნსაცავი 2018-12-17 8.00 81'374(038) = 353.1'28 ბ-54 52389 2018-12-17 52389 2018-12-17 წიგნი 8.00 ლ.
          ბათუმის შოთა რუსთაველის სახელმწიფო უნივერსიტეტის მთავარი ბიბლიოთეკა ბათუმის შოთა რუსთაველის სახელმწიფო უნივერსიტეტის მთავარი ბიბლიოთეკა წიგნსაცავი 2018-12-17 8.00 81'374(038) = 353.1'28 ბ-54 52390 2018-12-17 52390 2018-12-17 წიგნი 8.00 ლ.
          ბათუმის შოთა რუსთაველის სახელმწიფო უნივერსიტეტის მთავარი ბიბლიოთეკა ბათუმის შოთა რუსთაველის სახელმწიფო უნივერსიტეტის მთავარი ბიბლიოთეკა წიგნსაცავი 2018-12-17 8.00 81'374(038) = 353.1'28 ბ-54 52391 2018-12-17 52391 2018-12-17 წიგნი 8.00 ლ.